000 00794nam a2200289Ia 4500
005 20260324132552.0
008 008 260324s9999 xx 000 0 eng d
020 _a9780429080937
037 _aEBOOK
040 _aCRL
040 _beng
040 _cCRL
041 _2eng
041 _aeng
084 _qCRL
100 _aRenata Della Morte; Massimo Greco; Armando Carravetta
_91189781
245 0 _aRiver Flow 2004
245 0 _bProceedings of the Second International Conference on Fluvial Hydraulics, 23-25 June 2004, Napoli, Italy, Two Volme Set
260 _bTaylor and Francis
260 _c2004
365 _a
365 _b1090
856 _uhttp://www.taylorfrancis.com/books/9780429080937
942 _cEBOOK
999 _c1787998
_d1787998